000 01300nam0a2200337 i 4500
001 RU\NLR\bibl\1996750
005 20241114221637.0
010 _a9785845917997
_91500
021 _aRU
_b2013-2161
_9142
035 _a(NLR Aleph) 001985153
090 _a4146201
_c4146201
100 _a20130205d2013 k y0rusy50 ca
101 1 _arus
_ceng
102 _aRU
105 _aa |||||||||
200 1 _ajQuery для профессионалов
_fАдам Фримен
_g[пер. с англ. и ред. к.х.н. А.Г. Гузикевича]
210 _aМосква и др.
_cВильямс
_d2013
215 _a953 с.
_cил.
_d25
225 1 _aThe expert's voice in Web development
225 1 _aПрофессионалам от профессионалов
300 _aЗагл. и авт. ориг.: Pro jQuery/Adam Freeman
320 _aПредм. указ.: с. 950-953
454 0 _12001#$aPro jQuery$fAdam Freeman
_1700#1$aFreeman$bA.$gAdam$4070
_tPro jQuery
_aFreeman, Adam
606 _aJQUERY, библиотека стандартных тегов
_92563966
_3RU\NLR\auth\661516548
686 _aЗ988.02-018
700 1 _aФримен
_bА.
_gАдам
_4070
801 0 _aRU
_bNLR
_c20130205
_gRCR
801 1 _aRU
_bNLR
_c20130205
942 _cBOOK
980 _aNBR